000 00344pam a2200157a 44500
008 230515b1978 xxu||||| |||| 00| 0 eng d
020 _aNULL
041 _aENGLISH
082 _aN.D.
100 _aReich J .H.
245 _aMicrowave Principle
250 _a0
260 _aNULL
_bEast -west Press
_c1978
300 _a423
650 _aNULL
999 _c575745
_d575745